kku e-library facility

New Edition Biology (Record no. 159)

MARC details
000 -LEADER
fixed length control field 00471nam a2200145 4500
005 - DATE AND TIME OF LATEST TRANSACTION
control field 20260217090619.0
008 - FIXED-LENGTH DATA ELEMENTS--GENERAL INFORMATION
fixed length control field 260217b |||||||| |||| 00| 0 eng d
020 ## - INTERNATIONAL STANDARD BOOK NUMBER
International Standard Book Number 0521456185
100 ## - MAIN ENTRY--PERSONAL NAME
Personal name Jones Mary & Jones Geoff
245 ## - TITLE STATEMENT
Title New Edition Biology
Statement of responsibility, etc. /Mary and Geoff
250 ## - EDITION STATEMENT
Edition statement 3rd ed
260 ## - PUBLICATION, DISTRIBUTION, ETC.
Place of publication, distribution, etc. New York;
Name of publisher, distributor, etc. Press Syndicate of the University of Cambridge;
Date of publication, distribution, etc. 1995
300 ## - PHYSICAL DESCRIPTION
Extent 316p.ill;
Dimensions 27.5cm
942 ## - ADDED ENTRY ELEMENTS (KOHA)
Source of classification or shelving scheme Library of Congress Classification
Suppress in OPAC No
Koha item type Books

No items available.

©2025 All rights reserved. KKU